000 00556nam a2200181Ia 4500
008 140626s9999 xx 000 0 und d
100 _aChen, Danxia.
245 _aChanges in cultural appreciation and social distance after participation /
_cDanxia Chen ... [et al.].
260 _cc2009.
300 _a1 : 2, page 24
440 _aThe Asian Journal of Educational Research and Synergy
521 _aSPED
650 _aChina.
650 _aCultural appreciation.
650 _aSocial distances.
650 _aStudy abroad program.
942 _cSE
999 _c120930
_d120930